000 nam a22 a 4500
999 _c183567
_d183567
003 BLK
005 20221213165801.0
008 180411b bul|||||r ||||||| ||bul||
010 _aKNG00192500000
040 _aBLK
041 _aBUL
_cBUL
080 _aБългарска литература
_b821.163.2
_x-32
_z821.163.2-32
100 1 _aДенев, Младен Жеков
_eпърви автор
_9379345
139 _aДенев, Младен Жеков
_bД 42
245 1 0 _aДа чакаш нещо
_bИзбрани разкази
_cМладен Жеков Денев
257 _aBGR
260 _aСофия
_bБълг. писател
_c1981
300 _a223 с.
_b1 л. портр.
_c21 см
380 _aX
852 _aЦб 107283
_bЦб
856 4 _qpdf
_i0.00
_ldisable
942 _cKNG
_n0
_s1
944 _aCR
_c11.10.2016
_kЕлица_Владова
944 _aED
_c11.10.2016
_kЕлица_Владова